00316pab a2200121 454500008004000000100002600040245005600066260000900122300001100131362001100142650002100153773002000174180718b2008 xxu||||| |||| 00| 0 eng d aXavier Alphonse, S.J. aAccess and academic excellence in XI five year plan c2008 ap.1-6. a10 Mar aHigher education aUniversity News